| 000 | 005280000a22001930004500 | ||
|---|---|---|---|
| 020 | _a0-8297-0580-0 | ||
| 041 | 0 | _aSPA | |
| 082 | 0 | 4 | _aG 275.1 L4191i |
| 100 | 1 | _aLawrence, Carl | |
| 245 | 1 | 0 | _aLa iglesia en China / Carl Lawrence ; Agustín S. Contin, Traductor |
| 260 | _aMiami, FL., USA : Vida | ||
| 300 | _a239 Pag | ||
| 500 | _aTítulo original : The church in China | ||
| 001 | 8421 | ||
| 942 | _cBK | ||
| 999 |
_c38575 _d38575 |
||
| 336 |
_atexto _btxt _2rdacontent |
||
| 337 |
_2rdamedia _asin mediación _bn |
||
| 338 |
_2rdacarrier _avolumen _bnc |
||